000 00376nam a2200145Ia 4500
008 230711s9999||||xx |||||||||||||| ||und||
041 _aENG
082 _a658
_bGR-E
100 _aGriffith,Alan
245 0 _aEnvironmental management in construction
250 _a1st
260 _c1994
_aNew Delhi
_bMacMillan Publications Pvt.Ltd
650 _aCivil Engineering
942 _cBK
999 _c3075
_d3075